[Event "Hamburg CC Easter op 3rd"]
[Site "Hamburg"]
[Date "2017.04.15"]
[Round "3"]
[White "Speck, Jakob"]
[Black "Brinkmann, Georg"]
[Result "1-0"]
[WhiteElo "1767"]
[BlackElo "1986"]
[PlyCount "103"]
[EventDate "2017.04.14"]
[EventType "swiss"]
[EventRounds "7"]
[EventCountry "GER"]
[SourceTitle "EXT 2020"]
[Source "ChessBase"]
[SourceDate "2019.10.17"]
[SourceVersion "1"]
[SourceVersionDate "2019.10.17"]
[SourceQuality "1"]

1. e4 c5 2. Nf3 g6 3. c3 Bg7 4. d4 cxd4 5. cxd4 d5 6. e5 Nc6 7. a3 Bg4 8. Be2 e6 9. b4 a6 10. Bb2 Nge7 11. Nbd2 0-0 12. 0-0 Qb6 13. h3 Bxf3 14. Nxf3 Rac8 15. Rc1 Nb8 16. Qd2 Nd7 17. Rfd1 Rc6 18. Ne1 Rfc8 19. Nd3 Rxc1 20. Rxc1 Rxc1+ 21. Qxc1 Qc6 22. Nc5 Nxc5 23. Qxc5 Qxc5 24. dxc5 Nc6 25. f4 g5 26. b5 axb5 27. Bxb5 Bf8 28. Bxc6 Bxc5+ 29. Kf1 bxc6 30. fxg5 Kg7 31. g4 h6 32. gxh6+ Kxh6 33. h4 Be7 34. Bc1+ Kg7 35. h5 Bd8 36. g5 Bc7 37. Bf4 c5 38. Ke2 c4 39. a4 d4 40. Kf3 Bb6 41. Ke4 Kh7 42. Bc1 Kg7 43. Ba3 Kh7 44. Bb4 Kg7 45. a5 Ba7 46. Ba3 Kh7 47. a6 Kg7 48. Bb2 c3 49. Ba3 Kh7 50. Kd3 Kg7 51. Bb4 Kh7 52. Bxc3 1-0

[Event "Hamburg CC Easter op 3rd"]
[Site "Hamburg"]
[Date "2017.04.14"]
[Round "2"]
[White "Brinkmann, Georg"]
[Black "Ringe, Christian"]
[Result "1/2-1/2"]
[WhiteElo "1986"]
[BlackElo "1938"]
[PlyCount "31"]
[EventDate "2017.04.14"]
[EventType "swiss"]
[EventRounds "7"]
[EventCountry "GER"]
[SourceTitle "EXT 2020"]
[Source "ChessBase"]
[SourceDate "2019.10.17"]
[SourceVersion "1"]
[SourceVersionDate "2019.10.17"]
[SourceQuality "1"]

1. b3 d5 2. Bb2 e6 3. Nf3 Nf6 4. e3 c5 5. Bb5+ Bd7 6. Bxd7+ Nbxd7 7. 0-0 Be7 8. c4 0-0 9. Nc3 Nb6 10. cxd5 Nbxd5 11. Nxd5 Qxd5 12. d4 cxd4 13. Qxd4 Rfd8 14. Qxd5 Rxd5 15. Rad1 Rad8 16. Rxd5 1/2-1/2

[Event "Leipzig VfB op 11th"]
[Site "Leipzig"]
[Date "2004.03.19"]
[Round "6"]
[White "Brinkmann, Georg"]
[Black "Franke, Helmut"]
[Result "1/2-1/2"]
[WhiteElo "1959"]
[BlackElo "2077"]
[PlyCount "37"]
[EventDate "2004.03.16"]
[EventType "swiss"]
[EventRounds "9"]
[EventCountry "GER"]
[SourceTitle "EXT 2007"]
[Source "ChessBase"]
[SourceDate "2006.11.23"]
[SourceVersion "1"]
[SourceVersionDate "2006.11.23"]
[SourceQuality "1"]

1. d4 d5 2. Nf3 e6 3. c4 c6 4. e3 f5 5. Nc3 Nf6 6. Be2 Be7 7. 0-0 0-0 8. Ne5 Nbd7 9. f4 Nxe5 10. fxe5 Ne4 11. cxd5 Nxc3 12. bxc3 cxd5 13. Qb3 b6 14. Ba3 Bb7 15. Rac1 Bxa3 16. Qxa3 Qg5 17. Rf3 Rf7 18. Rg3 Qe7 19. Qb3 1/2-1/2

[Event "Leipzig VfB op 11th"]
[Site "Leipzig"]
[Date "2004.03.17"]
[Round "3"]
[White "Schuster, Martin"]
[Black "Brinkmann, Georg"]
[Result "1/2-1/2"]
[WhiteElo "2184"]
[BlackElo "1959"]
[PlyCount "86"]
[EventDate "2004.03.16"]
[EventType "swiss"]
[EventRounds "9"]
[EventCountry "GER"]
[SourceTitle "EXT 2007"]
[Source "ChessBase"]
[SourceDate "2006.11.23"]
[SourceVersion "1"]
[SourceVersionDate "2006.11.23"]
[SourceQuality "1"]

1. e4 d5 2. exd5 Qxd5 3. Nc3 Qa5 4. d4 c6 5. Bc4 Bf5 6. Nf3 e6 7. Ne5 Nf6 8. g4 Be4 9. 0-0 Bd5 10. Nxd5 cxd5 11. Bd3 Nfd7 12. f4 Bd6 13. c3 Qc7 14. Qf3 Nc6 15. Be3 f6 16. Nxd7 Qxd7 17. Rae1 Bc7 18. Bf2 0-0 19. Bg3 Rae8 20. Qd1 f5 21. h3 g6 22. Kg2 Nd8 23. Qb3 a6 24. Be2 b5 25. gxf5 gxf5 26. Bh5 Re7 27. Qc2 Rg7 28. Qf2 Nb7 29. Kh1 Nd6 30. Bh4 Ne4 31. Qe3 Bd8 32. Bf2 Kh8 33. Rg1 Rfg8 34. Rxg7 Rxg7 35. Rf1 Bf6 36. Bd1 Qe7 37. Be1 Bh4 38. Rg1 Bxe1 39. Qxe1 Rxg1+ 40. Kxg1 Qg7+ 41. Kh2 b4 42. Qh4 bxc3 43. bxc3 Nxc3 1/2-1/2

[Event "Leipzig VfB op 11th"]
[Site "Leipzig"]
[Date "2004.03.16"]
[Round "1"]
[White "Hasenclever, Leonard"]
[Black "Brinkmann, Georg"]
[Result "0-1"]
[WhiteElo "1280"]
[BlackElo "1959"]
[PlyCount "64"]
[EventDate "2004.03.16"]
[EventType "swiss"]
[EventRounds "9"]
[EventCountry "GER"]
[SourceTitle "EXT 2007"]
[Source "ChessBase"]
[SourceDate "2006.11.23"]
[SourceVersion "1"]
[SourceVersionDate "2006.11.23"]
[SourceQuality "1"]

1. e4 c5 2. Nf3 a6 3. d4 cxd4 4. Nxd4 Nf6 5. Nc3 e5 6. Nb3 Bb4 7. Bd3 d5 8. Bg5 d4 9. a3 Bxc3+ 10. bxc3 dxc3 11. 0-0 Qc7 12. Kh1 Be6 13. f4 Nbd7 14. fxe5 Qxe5 15. Bf4 Qh5 16. Qe1 Rc8 17. Nd4 0-0 18. Rf3 Bg4 19. Rg3 Nc5 20. h3 Nxd3 21. Rxd3 Rfe8 22. e5 Nd5 23. Bh2 Be6 24. Qg3 Rc4 25. Rb1 b5 26. Rb3 g5 27. Nxe6 fxe6 28. Qe1 Qg6 29. Qe2 Rf8 30. Kg1 Qe4 31. Qxe4 Rxe4 32. Rb1 Re2 0-1

[Event "Leipzig VfB op 10th"]
[Site "Leipzig"]
[Date "2003.03.15"]
[Round "8"]
[White "Krenz, Sarah"]
[Black "Brinkmann, Georg"]
[Result "1/2-1/2"]
[WhiteElo "1680"]
[BlackElo "1951"]
[PlyCount "64"]
[EventDate "2003.03.11"]
[EventType "swiss"]
[EventRounds "9"]
[EventCountry "GER"]
[SourceTitle "EXT 2008"]
[Source "ChessBase"]
[SourceDate "2007.11.25"]
[SourceVersion "1"]
[SourceVersionDate "2007.11.25"]
[SourceQuality "1"]

1. d4 d5 2. c4 e6 3. Nf3 Nf6 4. g3 Be7 5. Bg2 0-0 6. 0-0 Nbd7 7. Qc2 c6 8. cxd5 exd5 9. Nc3 Re8 10. Re1 Bb4 11. a3 Bxc3 12. bxc3 Ne4 13. c4 dxc4 14. Qxc4 Nb6 15. Qb3 Be6 16. Qd1 Bd5 17. Bb2 Nc4 18. Qc2 f6 19. Bc3 b5 20. e3 a5 21. Nd2 Nxc3 22. Qxc3 Nxd2 23. Qxd2 Bxg2 24. Kxg2 Qd5+ 25. Kg1 c5 26. Qb2 cxd4 27. Qxd4 Qxd4 28. exd4 Rxe1+ 29. Rxe1 Rd8 30. Rb1 Rd5 31. Kf1 Kf7 32. Ke2 Ke6 1/2-1/2

[Event "Nord West Cup 3rd"]
[Site "Oldenburg"]
[Date "2001.02.02"]
[Round "2"]
[White "Brinkmann, Georg"]
[Black "Martschausky, Thomas"]
[Result "1-0"]
[WhiteElo "1931"]
[BlackElo "2220"]
[PlyCount "189"]
[EventDate "2001.02.01"]
[EventType "swiss"]
[EventRounds "7"]
[EventCountry "GER"]
[SourceTitle "EXT 2002"]
[Source "ChessBase"]
[SourceDate "2001.11.25"]
[SourceVersion "1"]
[SourceVersionDate "2001.11.25"]
[SourceQuality "1"]

1. d4 d6 2. c4 e5 3. Nf3 e4 4. Nfd2 f5 5. e3 Nf6 6. Nc3 c6 7. b4 Be7 8. Be2 0-0 9. 0-0 d5 10. b5 Be6 11. Rb1 Nbd7 12. c5 Qc7 13. f4 exf3 14. gxf3 f4 15. Nb3 Nh5 16. e4 Rf6 17. bxc6 bxc6 18. exd5 Rg6+ 19. Kh1 cxd5 20. Bd3 Rh6 21. Re1 Bh4 22. Rxe6 Rxe6 23. Nxd5 Qd8 24. Be4 Ndf6 25. Nxf6+ Nxf6 26. Qd3 Nxe4 27. fxe4 Qg5 28. Qf3 Qg6 29. Nd2 Rae8 30. Ba3 Qh6 31. e5 Bg3 32. Nf1 Qh3 33. c6 Rh6 34. c7 Rb6 35. Rc1 Qd7 36. hxg3 fxg3 37. Bd6 Rb2 38. Nxg3 Qh3+ 39. Kg1 h5 40. e6 Qxe6 41. Nxh5 Qg6+ 42. Qg3 Qxh5 43. c8Q Rxc8 44. Rxc8+ Kh7 45. Qd3+ Qg6+ 46. Qxg6+ Kxg6 47. a3 Kf5 48. Rc7 g5 49. Rxa7 Ke4 50. Re7+ Kf3 51. Rf7+ Ke4 52. Be5 Ra2 53. Rg7 Rxa3 54. Rxg5 Kd5 55. Rg6 Ra2 56. Rg2 Ra3 57. Kh2 Rf3 58. Rc2 Rf7 59. Kg3 Rf8 60. Bg7 Rf1 61. Rc5+ Ke4 62. Re5+ Kd3 63. Rg5 Ke4 64. Rg4+ Kf5 65. Kg2 Ra1 66. Rg3 Ke4 67. Rg5 Ra3 68. Re5+ Kd3 69. d5 Ra7 70. Rg5 Rd7 71. Bf8 Rf7 72. Rg8 Kc4 73. d6 Kd5 74. Be7 Ke6 75. Rf8 Rh7 76. Kf3 Rh5 77. Rd8 Rb5 78. Ra8 Rd5 79. Ke4 Rd1 80. Ra3 Kd7 81. Rd3 Re1+ 82. Kd5 Rc1 83. Rd4 Rc2 84. Rc4 Rd2+ 85. Kc5 Rd1 86. Kb5 Rb1+ 87. Rb4 Rc1 88. Ka6 Rd1 89. Kb7 Rc1 90. Rb6 Rc2 91. Ka7 Ra2+ 92. Kb8 Rd2 93. Rb7+ Ke6 94. Kc8 Rh2 95. d7 1-0